Proceedings of the Fifth International Symposium on the Reproductive Physiology of Fish

Guardat en:
Dades bibliogràfiques
Autor corporatiu: University of Texas (Autor)
Format: Llibre
Idioma:anglès
Publicat: Austin Fish Symposium 95 1995
Matèries:
Etiquetes: Afegir etiqueta
Sense etiquetes, Sigues el primer a etiquetar aquest registre!

MARC

LEADER 00000nam a2200000 a 4500
001 UCT9078
003 CL-VaPUC
008 970404e19950000us |||||||||||||||||eng|d
082 0 4 |a 597  |b UNI  |2 21 
110 2 |a University of Texas  |e author  |9 381495 
245 1 0 |a Proceedings of the Fifth International Symposium on the Reproductive Physiology of Fish 
300 |a 389 p 
942 |c BK 
945 |d 19970404 00:00:00  |a amoreno 
260 |a Austin  |b Fish Symposium 95  |c 1995 
650 7 |a PECES  |2 CL-VaPUC  |9 381496 
650 7 |a FISIOLOGIA  |2 CL-VaPUC  |9 381497 
650 0 |a Reproducción  |9 269783 
583 |a last modification  |c 20171011 10:39:06  |k Rodrigo Vera 
999 |c 257531  |d 257529 
952 |0 0  |1 0  |2 ddc  |4 0  |6 597_000000000000000_UNI_1995  |7 0  |8 CCM  |9 281047  |a BIBCUR  |b BIBCUR  |c GEN  |d 2019-11-19  |i 3298701  |l 1  |o 597 UNI 1995  |p 3298701  |r 2025-04-22  |s 2023-11-28  |w 2019-11-19  |y BK  |k CIM